Origen y evolución del hombre /

Guardado en:
Bibliografiske detaljer
Hovedforfatter: Comas, Juan (autor)
Format: Bog
Sprog:spansk
Serier:(Biblioteca Enciclopédica Popular. Segunda Epoca ; 159)
Fag:
Tags: Tilføj Tag
Ingen Tags, Vær først til at tagge denne postø!

MARC

LEADER 00000nam^a2200000^a^4500
001 000160725
005 20250521000000.0
009 20260526125137.146
037 |a Acervo ITESO - Biblioteca 
041 |a ESP 
082 |a 573. 2  |b COM 
100 |a Comas, Juan  |e (autor) 
245 1 0 |a Origen y evolución del hombre /  |c J. Comas. 
264 |a México,  |b Secretaría de Educación Pública,  |c 1947 
300 |a 94 p. 
336 |a texto  |b txt  |2 rdacontenido 
337 |a sin mediación  |b n  |2 rdamedio 
338 |a volumen  |b nc  |2 rdasoporte 
440 1 |a (Biblioteca Enciclopédica Popular.  |p Segunda Epoca ;  |v 159) 
649 |a XX 
650 |a Hombre Prehistórico 
650 |a Hombre -  |x Origen 
650 |a Hombre -  |x Historia 
650 |a Evolución 
650 |a Herencia (Biología) 
650 |a Genética 
650 |a Fisiología 
650 |a Simios 
650 |a Monos 
650 |a Primates 
650 |a Mamíferos 
650 |a Vertebrados 
650 |a Evolución 
650 |a Craneología 
650 |a Anatomía Comparada 
650 |a Antropología Física 
650 |a Paleontología 
650 |a Arqueología 
650 |a Prehistoria 
910 |a Fondo Salvador Reynoso Reynoso 
920 |a Impresos - Libros 
930 |a Fondos Especiales 
905 |a 112 
901 |a 0800016604  |b IT2  |c ESP  |u 20250521 
902 |a https://opac.biblio.iteso.mx/vufind/Record/000160725